Manual of research methods for crustacean biochemistry and physiology

Na minha lista:
Detalhes bibliográficos
Autor principal: Ravindranath, M. H.
Formato: Livro
Idioma:Undetermined
Publicado em: Cochin Central Marine Fisheries Research Institute 1981
Assuntos:
Tags: Adicionar Tag
Sem tags, seja o primeiro a adicionar uma tag!
Thư viện lưu trữ: Trung tâm Học liệu Trường Đại học Cần Thơ
LEADER 00537nam a2200181Ia 4500
001 CTU_150349
008 210402s9999 xx 000 0 und d
082 |a 595.3 
082 |b R265 
100 |a Ravindranath, M. H. 
245 0 |a Manual of research methods for crustacean biochemistry and physiology 
245 0 |c M. H. Ravindranath 
260 |a Cochin 
260 |b Central Marine Fisheries Research Institute 
260 |c 1981 
650 |a Crustacea 
904 |i Giang 
980 |a Trung tâm Học liệu Trường Đại học Cần Thơ